| 000 | 00954nam a22001817a 4500 | ||
|---|---|---|---|
| 999 |
_c59398 _d59398 |
||
| 003 | Ge_BSU | ||
| 005 | 20230209121704.0 | ||
| 008 | 230209s2003 ge ||||| |||| 00| 0 geo d | ||
| 020 | _a9994017047 | ||
| 041 | _ageo | ||
| 080 | _a341(038)+81'374.26 : 341=353.1 თ-29 | ||
| 245 |
_aთანამედროვე საერთაშორისო სამართალი = Contemporary international law : _bლექსიკონი-ცნობარი / _c[ავტ.: ლ. ალექსიძე, ლ. გიორგაძე, ზ. დავითაშვილი [და სხვ.]]. |
||
| 264 |
_aთბ. : _bთბილ. უნ-ტის გამ-ბა : ჯისიაი, _c2003. |
||
| 300 |
_a417 გვ. ; _b20 სმ. |
||
| 653 | _aსაერთაშორისო სამართალი -- ცნობარები | ||
| 700 |
_aალექსიძე, ლ. _eავტორი _93938 |
||
| 942 |
_2udc _cBK |
||